| 000 | 00000cas 2200000za 4500 |
| 001 | 9.806464 |
| 003 | CaOODSP |
| 005 | 20260423092132 |
| 007 | cr ||||||||||| |
| 008 | 150406d20022003onc x m o f0 a0eng|d |
| 040 | |aCaOODSP|beng |
| 043 | |an-cn--- |
| 086 | 1 |aFs66-5E-PDF |
| 130 | 0 |aEconomic analysis report. |
| 245 | 10|aEconomic analysis report |h[electronic resource]. |
| 260 | |aOttawa : |bFisheries and Oceans Canada, |c2002?-2003. |
| 310 | |aIrregular |
| 362 | 1 |aBegan with no. 155; ceased with no. 186. |
| 500 | |aIssued also in French under title: Rapport de l'analyse économique. |
| 515 | |aContinues numbering from earlier title; some numbers are continuously issued in both series. |
| 710 | 1 |aCanada. |bDepartment of Fisheries and Oceans. |
| 775 | 08|tRapport de l'analyse économique |w(CaOODSP)9.806467 |
| 780 | 00|tEconomic and commercial analysis report.|w(CaOODSP)9.892637 |